Společná zemědělská politika EU a její aplikace v České republice

Ciele a princípy spoločnej poľnohospodárskej politiky EÚ. Reformné snahy. Vplyv spoločnej poľnohospodárskej politiky EÚ na Českú republiku. Finančné mechanizmy spoločnej poľnohospodárskej politiky EÚ v Českej republike.

Salvato in:
Dettagli Bibliografici
Autore principale: Vošta, Milan
Natura: Capitolo di libro
Lingua:ceco
Soggetti:
Tags: Aggiungi Tag
Nessun Tag, puoi essere il primo ad aggiungerne!!

MARC

LEADER 00000naa a2200000 4500
001 0124006
005 20231127115715.4
041 0 |a cze 
044 |a CZ 
245 1 0 |a Společná zemědělská politika EU a její aplikace v České republice  |c Milan Vošta 
520 |a Ciele a princípy spoločnej poľnohospodárskej politiky EÚ. Reformné snahy. Vplyv spoločnej poľnohospodárskej politiky EÚ na Českú republiku. Finančné mechanizmy spoločnej poľnohospodárskej politiky EÚ v Českej republike. 
610 2 0 |a Európska únia 
610 2 0 |a politika poľnohospodárska 
610 2 0 |a reformy 
610 2 0 |a zdroje finančné 
610 2 0 |a Česko 
100 1 |a Vošta, Milan